Statistiques concernant Le plus grande ville commençant par P dans ce pays

Cliquez ici pour prendre le quiz!

Statistiques générales

  • Ce quiz a été pris 301 fois
    (220 depuis la dernière actualisation)
  • Le résultat moyen est 11 sur 21

Statistiques - réponses

PaysP-ville% Correct
PortugalPorto
99%
FranceParis
97%
Afrique du SudPretoria
80%
AustraliePerth
77%
HaitiPort-au-Prince
77%
CambodgePhnom Penh
72%
ItaliePalerme
70%
MontenegroPodgorica
69%
États-UnisPhiladelphie
65%
SurinameParamaribo
56%
Papouasie-Nouvelle-GuinéePort Moresby
56%
Île MauricePort-Louis
55%
BeninPorto-Novo
55%
PolognePoznan
30%
AllemagnePotsdam
25%
BulgariePlovdiv
23%
MexiquePuebla
22%
RussiePerm
21%
IndePune
16%
PakistanPeshawar
15%
HongriePécs
14%

Distribution des résultats

Percentile par nombre de réponses

% des personnes avec chaque résultat

Votre développement - résultats

Vous n’avez pas pris ce quiz depuis la dernière actualisation